000 00714nam a2200289Ia 4500
005 20260324112848.0
008 008 260324s9999 xx 000 0 eng d
020 _a9781032657219
037 _aEBOOK
040 _aCRL
040 _beng
040 _cCRL
041 _2eng
041 _aeng
084 _qCRL
100 _aKate Lafferty; Melissa Barnes
_91144442
245 0 _aCompetency-based Assessment
245 0 _bEvidence-based Insights and Strategies for Educators
260 _bTaylor and Francis
260 _c2024
365 _a
365 _b220
856 _uhttp://www.taylorfrancis.com/books/9781032657219
942 _cEBOOK
999 _c1733817
_d1733817